000 00642nam a2200241Ia 4500
003 OSt
005 20221007102003.0
006 a|||||r|||| 00| 0
007 ta
008 221006b |||||||| |||| 00| 0 eng d
024 _a9,091
037 _cBound Volume
040 _aLCO
_cLCO
_beng
041 _2eng
_aeng
082 _aZm2,N77, L7
245 0 _aREPORTS OF COMPANY Cases Inclidind Case on Banking & Insurance, 1977
260 _aMadras
_bCompany Law Institute
_c1977
300 _a846
490 _v47
650 _aCOMPANY CASES
_9703233
942 _hZm2,N77, L7
_cCR
999 _c1178654
_d1178654